| 000 | 03281naa a2200349Ia 4500 | ||
|---|---|---|---|
| 003 | OSt | ||
| 005 | 20260416143804.0 | ||
| 008 | 260416s2017 xx 000 0 und d | ||
| 040 |
_aFoundation University _bEng _cFoundation University _erda |
||
| 050 |
_aCBA (FinMgt-FS) LG 221 D35 B87 _bA5 B87 F56 2019 A76 |
||
| 099 | _a799 | ||
| 100 |
_aAro, Lelie Ariele C. _91517 _eauthor. |
||
| 245 | 1 | 0 |
_aA Feasibility study on the establishment of Bambino Care in Colon Extension, Taclobo, Dumaguete City / _cby Leslie Ariele C. Aro, Joan T. Bandoquillo, Dhanica Louise A. Catada and Geremy S. Kinkito |
| 264 |
_aDumaguete City _bFoundation Uiniversity, _c2019. _42019. |
||
| 300 |
_axiii, 188 leaves : _bill. (chiefly color) ; _c28 cm. _3volume _fresource |
||
| 336 |
_2rdacontent _atext _btxt |
||
| 337 |
_2rdamedia _aunmediated _bn |
||
| 338 |
_3rdacarrier _avolume _bnc |
||
| 502 | _eUndergraduate feasibility (BS in Administration Major in Financial management ) - - Foundation University, 2019. | ||
| 504 | _aIncludes bibliographical references and appendices. | ||
| 520 | _aABSTRACT The main objective of the study is to determine the feasibility of cstablishing Bambino Care in Colon Extension, Brgy. Taclobo, Dumaguete City, Negros Oriental, which offers services that will cater infants and toddlers. The target market was composed of parents of infants and toddlers who are busy working and don't have enough time to take care of infants and toddlers. The method used in gathering the infornation is through distributing survey questionnaires to four hundred (400) respondents as the sample size out of 400 respondents, 92 are from Sibulan, 200 are fromn Dumaguete City, 52 are from Valencia, and 56 are from Bacong. The sampling technique applied was Stratified Random Sampling. The researchers concluded that establishing Bambino Care is feasible in all of the aspects. The results show that eighty-nine percent (89%) of the parents are willing to patronize the said child care facility if available in Dumaguete City. The results also indicate that the establishment of the business is highly accepted in the market. The business is also feasible technically as to the availability of the cquipment and materials in the markct. The location is also technically feasible as it is a suitable place to establish the said business because it was not a common road that most of the vehicles will pass by. It was good for the business since it will cater young children. The payback period is estimated to be 5 years. | ||
| 650 |
_aFeasibility studies _zPhilippines. _zDumaguete City. _915516 |
||
| 650 |
_aChild care services _zPhilippines. _zDumaguete City. _915517 |
||
| 650 |
_aDay care centers _zPhilippines. _zDumaguete City. _914619 |
||
| 650 |
_aSmall business _zPhilippines _zDumaguete City. _913723 |
||
| 658 |
_aProject Feasibility Study : _bAdministration Major in Financial Management Bachelor of Science in ; _cFSB301 |
||
| 700 |
_aBandoquillo, Joan T. _qco-author _915518 |
||
| 700 |
_aCatada, Dhanica Louise A. _qco-author _915519 |
||
| 700 |
_aKinkito, Geremy S. _eco-author _915520 |
||
| 700 |
_aYbarrita Marrisa B., _eco-author _915521 |
||
| 942 |
_2lcc _cFS _hLG 221 D35 B87 _iA5 B87 F56 2019 A76 _kCBA (FinMgt-FS) |
||
| 999 |
_c5750 _d5750 |
||